00569nam a22001697a 450000500170000001000130001702000260003003500110005603700130006708200070008010000300008724500650011724600500018226000520023227000920028430000230037620200924144515.0 aUR-10872 c200.00a9789389733839 aU-9427 bDBAD/PUB aن aا د ر يس صد يقی aجہا ں ا و ر بھی ہيں cا د ر يس صد يقی bJahan Aur Bhi Hai (Urdu)aby Idrees Siddiqui aN.Delhi bEducational Publishing Housec2020 ء aH.O.D1/16,Ansari Road,Darya ganj,bN.Delhie110002k45678285,23216162l0091-11-23211540 a192 ص c22 Cm(Hb)